El Nuevo orden internacional: dimensiones de un debate histórico
Analiza la evolución económica de los países desarrollados en el período de post-guerra, en el cual asumen un alto status político, que pugnan por aumentarlo. Respecto a las características económicas de la post-guerra de los países desarrollados, señala cuatro básicas: i-. avances en materia nuclea...
Uloženo v:
| Médium: | Neznámo |
|---|---|
| Vydáno: |
Montevideo:
CELAEH
|
| Témata: | |
| Tagy: |
Přidat tag
Žádné tagy, Buďte první, kdo vytvoří štítek k tomuto záznamu!
|
MARC
| LEADER | 00000 a2200000 04500 | ||
|---|---|---|---|
| 001 | 13456 | ||
| 003 | |||
| 008 | 991231s d | ||
| 040 | |||
| 090 | |a EXTRAVIADO | ||
| 245 | |a El Nuevo orden internacional: dimensiones de un debate histórico | ||
| 260 | |a Montevideo: |b CELAEH | ||
| 300 | |a p. varia. | ||
| 520 | |a Analiza la evolución económica de los países desarrollados en el período de post-guerra, en el cual asumen un alto status político, que pugnan por aumentarlo. Respecto a las características económicas de la post-guerra de los países desarrollados, señala cuatro básicas: i-. avances en materia nuclear, los cuales han permitido desarrollar el potencial de crecimiento económico ii-. avances en actividades espaciales, meteorológicas y armamentistas, lo cual les proporciona poder sobre el resto del mundo iii-. evolución del transporte, en todas sus variedades y, iv-. avances en los campos científico y tecnológico, relacionado con la electrónica y la computación. Adeás, se refiere a las empresas transnacionales, considerando que se han internacionalizado, con lo cual se han centraslizado los recursos económicos y financieros. También proporciona una definición de los países desarrollados y de los subdesarrollados, que se sale de los modelos tradicionales y se ajusta mayormente a la realidad política y económica actual. Plantea, como alternativa para el desarrollo de los países latinoamericanos, la autodeterminación y la lucha por sustituir el sistema vigente. ILSE/mb | ||
| 650 | |a DESARROLLO ECONOMICO | ||
| 650 | |a PAISES DESARROLLADOS | ||
| 650 | |a PAISES EN DESARROLLO | ||
| 650 | |a NUEVA TECNOLOGIA | ||
| 650 | |a ARMAMENTISMO | ||
| 650 | |a RECURSOS ECONOMICOS | ||
| 650 | |a AUTODETERMINACION | ||
| 999 | |c 6398 |d 6398 | ||
